Israel's Borders Quiz Stats

 Plays Quiz Updated Apr 7, 2016

Also try: France's Borders
Challenge
Share
Tweet
Embed
Score 0/5 Timer 01:00
9 Plays Today
Country % Correct
Jordan
93.8%
Syria
93%
Egypt
89.5%
Lebanon
88.2%
Palestine
86.8%

You're not logged in!

Compare scores with friends on all Sporcle quizzes.
OR
Log In

You Might Also Like...

Show Comments

Extras

Top Quizzes Today


Score Distribution

Your Account Isn't Verified!

In order to create a playlist on Sporcle, you need to verify the email address you used during registration. Go to your Sporcle Settings to finish the process.

Report this User

Report this user for behavior that violates our Community Guidelines.

Details: